000 00590nam a2200145Ia 4500
008 170221s9999 xx 000 0 und d
100 _aBoris V. Ilkevich
245 _aModeling of Art Students’ Intellectual Motivating Training in Fundamentals of Philosophy
245 _cBoris V. Ilkevich, Larisa T. Usmanova, Konstantin B. Ilkevich, Nataliya V. Solovyeva, Tatyana B. Lisitzina
260 _bInternational Review of Management and Marketing
260 _cDecember 2013
300 _a5:2
650 _xMarketing.
856 _uhttp://www.econjournals.com/index.php/irmm/issue/view/71
999 _c310278
_d310278